Rafael Benitez' Liverpool - Statistics

General Stats
  • This quiz has been taken 20 times
  • The average score is 40 of 83
Answer Stats
Rank Player Position Nationality Matches Goals Assists % Correct
1 Jamie Carragher Centre-Back 326 2 10
100%
3 Pepe Reina Goalkeeper 259 0 4
100%
2 Steven Gerrard Central Midfield 292 104 72
100%
4 Xabi Alonso Defensive Midfield 210 18 20
100%
22 Martin Skrtel Centre-Back 79 1 2
94%
6 Sami Hyypiä Centre-Back 200 14 4
94%
7 Dirk Kuyt Right Winger 200 51 31
88%
15 Fernando Torres Centre-Forward 116 72 16
88%
5 John Arne Riise Left-Back 201 17 16
88%
32 Milan Baros Centre-Forward 47 13 4
88%
10 Peter Crouch Centre-Forward 135 42 23
88%
18 Álvaro Arbeloa Right-Back 98 2 6
81%
24 Dietmar Hamann Defensive Midfield 75 1 9
81%
19 Harry Kewell Left Winger 90 5 11
81%
9 Javier Mascherano Defensive Midfield 138 2 6
81%
31 Jerzy Dudek Goalkeeper 53 0 0
81%
11 Yossi Benayoun Right Winger 134 29 18
81%
36 Andriy Voronin Second Striker 40 6 5
75%
16 Daniel Agger Centre-Back 115 7 5
75%
26 Djimi Traoré Centre-Back 66 0 1
75%
13 Lucas Leiva Defensive Midfield 121 5 13
75%
12 Ryan Babel Left Winger 129 20 17
75%
34 Craig Bellamy Left Winger 42 9 7
69%
28 Fernando Morientes Centre-Forward 61 12 7
69%
14 Luis García Right Winger 121 30 16
69%
52 Vladimir Smicer Attacking Midfield 16 1 0
69%
29 Albert Riera Left Midfield 56 5 9
63%
17 Fábio Aurélio Left-Back 109 4 17
63%
37 Robbie Fowler Centre-Forward 39 12 5
63%
44 Robbie Keane Centre-Forward 28 7 5
63%
8 Steve Finnan Right-Back 186 1 18
63%
46 Alberto Aquilani Central Midfield 26 2 6
56%
30 David N'Gog Centre-Forward 56 11 5
56%
23 Djibril Cissé Centre-Forward 79 24 5
56%
41 Igor Biscan Defensive Midfield 35 2 2
56%
20 Mohamed Sissoko Defensive Midfield 87 1 2
56%
71 Stéphane Henchoz Centre-Back 4 0 0
56%
27 Emiliano Insúa Left-Back 62 1 5
50%
35 Florent Sinama-Pongolle Second Striker 42 7 1
50%
38 Mark González Left Winger 36 3 0
50%
42 Nabil El Zhar Right Winger 32 1 1
50%
47 Sotiris Kyrgiakos Centre-Back 21 1 1
50%
58 Anthony Le Tallec Centre-Forward 9 0 1
44%
53 Chris Kirkland Goalkeeper 14 0 0
44%
39 Glen Johnson Right-Back 35 3 3
44%
49 Maxi Rodríguez Left Winger 17 1 3
44%
54 Salif Diao Defensive Midfield 14 1 0
44%
25 Stephen Warnock Left-Back 67 1 2
44%
43 Andrea Dossena Left Midfield 31 2 0
38%
33 Boudewijn Zenden Left Winger 47 2 1
38%
21 Jermaine Pennant Right Winger 81 3 18
38%
55 Mauricio Pellegrino Centre-Back 13 0 0
38%
51 Neil Mellor Centre-Forward 16 5 1
38%
57 Scott Carson Goalkeeper 9 0 0
38%
56 Philipp Degen Right-Back 13 0 0
31%
45 Antonio Núñez Right Winger 27 1 1
25%
59 Diego Cavalieri Goalkeeper 8 0 0
25%
83 Jack Robinson Centre-Back 1 0 0
25%
48 Jan Kromkamp Right-Back 18 0 1
25%
65 Jay Spearing Defensive Midfield 7 0 0
25%
40 Josemi Centre-Back 35 0 0
25%
62 Charles Itandje Goalkeeper 7 0 0
19%
60 Damien Plessis Defensive Midfield 8 1 0
19%
50 Darren Potter Central Midfield 17 0 1
19%
61 Gabriel Paletta Centre-Back 8 1 2
19%
79 James Smith Right-Back 1 0 0
19%
75 Martin Kelly Right-Back 4 0 0
19%
69 Stephen Darby Right-Back 5 0 0
19%
63 Zak Whitbread Centre-Back 7 0 0
19%
70 Daniel Ayala Centre-Back 5 0 0
13%
78 Daniele Padelli Goalkeeper 1 0 0
13%
74 David Raven Right-Back 4 0 0
13%
68 Jack Hobbs Centre-Back 5 0 0
13%
64 John Welsh Central Midfield 7 0 0
13%
73 Lee Peltier Right-Back 4 0 0
13%
77 Richie Partridge Right Midfield 2 0 0
13%
72 Sebastián Leto Left Winger 4 0 1
13%
81 Antonio Barragán Right-Back 1 0 0
6%
67 Dani Pacheco Defensive Midfield 7 0 1
6%
66 Danny Guthrie Central Midfield 7 0 0
6%
82 Mark Smyth Left Winger 1 0 0
6%
80 Miki Roqué Centre-Back 1 0 0
6%
76 Nathan Eccleston Centre-Forward 2 0 0
6%
No matching quizzes found
Score Distribution
Percent of People with Each Score
Percentile by Number Answered
Your Score History
You have not taken this quiz